[Event "53rd World U20 ch"]
[Site "Pune IND"]
[Date "2014.10.11"]
[Round "6.62"]
[White "Wagh, Suyog"]
[Black "Nader, Mohamed"]
[Result "0-1"]
[WhiteElo "2001"]
[BlackElo "2098"]
[EventDate "2014.10.06"]
[PlyCount "74"]

1.d4 Nf6 2.c4 e6 3.g3 d5 4.Bg2 b6 5.Nc3 Bb7 6.cxd5 Nxd5 7.e4 Nxc3 8.bxc3 
Be7 9.Ne2 O-O 10.O-O c5 11.d5 exd5 12.exd5 Bf6 13.Qc2 Nd7 14.Nf4 g6 15.a4 
Ne5 16.a5 Ba6 17.Rd1 Qd6 18.axb6 axb6 19.Be3 Rfc8 20.Qb3 Bc4 21.Qb2 Rxa1 
22.Qxa1 b5 23.Qa5 g5 24.Nh3 h6 25.f4 Ng4 26.Bd2 Bb3 27.fxg5 hxg5 28.Ra1 
Bxd5 29.Qa6 Rc6 30.Qa8+ Kg7 31.Bf1 c4 32.Qa3 b4 33.Qa7 Rb6 34.Qa5 bxc3 35.
Bxc3 Ra6 36.Bxf6+ Qxf6 37.Qxd5 Rxa1 0-1

[Event "53rd World U20 ch"]
[Site "Pune IND"]
[Date "2014.10.11"]
[Round "6.63"]
[White "Grahesh, Y."]
[Black "Sai Agni Jeevitesh, J."]
[Result "1-0"]
[WhiteElo "1919"]
[BlackElo "2068"]
[EventDate "2014.10.06"]
[PlyCount "77"]

1.c4 e5 2.Nc3 Nc6 3.g3 f5 4.Bg2 Nf6 5.d3 Bb4 6.Bd2 O-O 7.e3 Bxc3 8.Bxc3 d6
9.Ne2 Qe8 10.Qd2 Be6 11.b4 a6 12.O-O Qh5 13.f4 e4 14.b5 Ne7 15.Nd4 Bd7 16.
a4 Rae8 17.Nc2 Ng4 18.h3 Nf6 19.Rad1 Qg6 20.Bxf6 Rxf6 21.Kh2 Qf7 22.Rb1 
axb5 23.axb5 Kh8 24.Ra1 d5 25.dxe4 fxe4 26.Nb4 Rd6 27.c5 Rh6 28.Qe2 Nf5 
29.Rfd1 Qg6 30.g4 Nh4 31.f5 Nf3+ 32.Bxf3 exf3 33.Qxf3 Qf6 34.Nxd5 Qb2+ 35.
Kg3 Bxb5 36.Nxc7 Qe5+ 37.Qf4 Qxe3+ 38.Qxe3 Rxe3+ 39.Kf4 1-0

[Event "53rd World U20 ch"]
[Site "Pune IND"]
[Date "2014.10.11"]
[Round "6.64"]
[White "Horton, Jamie"]
[Black "Manush, Shah"]
[Result "1/2-1/2"]
[WhiteElo "2064"]
[BlackElo "2038"]
[EventDate "2014.10.06"]
[PlyCount "71"]

1.e4 c6 2.d4 d5 3.e5 Bf5 4.h4 Qc7 5.g4 Bd7 6.h5 h6 7.f4 e6 8.Nf3 c5 9.c3 
Nc6 10.Be3 cxd4 11.cxd4 Qb6 12.Qd2 Rc8 13.Nc3 Bb4 14.Rc1 Na5 15.Kf2 Ne7 
16.Bd3 Nc4 17.Bxc4 Rxc4 18.a3 Bxc3 19.Rxc3 Rxc3 20.Qxc3 Bc6 21.b3 Kd7 22.
a4 Rc8 23.Qd3 Qa6 24.Qxa6 bxa6 25.Rc1 Bb7 26.Rxc8 Bxc8 27.Bd2 g6 28.Nh4 
gxh5 29.gxh5 Nf5 30.Nxf5 exf5 31.Bb4 Ke8 32.Bc5 Bd7 33.Bxa7 f6 34.Bc5 Kf7 
35.Kg3 Be8 36.Kh4 1/2-1/2

[Event "53rd World U20 ch"]
[Site "Pune IND"]
[Date "2014.10.11"]
[Round "6.67"]
[White "Reddy, Ananta"]
[Black "Raivath, Mallela"]
[Result "1/2-1/2"]
[WhiteElo "1420"]
[BlackElo "1070"]
[EventDate "2014.10.06"]
[PlyCount "84"]

1.c4 c5 2.g3 Nc6 3.Bg2 e5 4.Nc3 Nge7 5.Nb5 d6 6.d3 a6 7.Nc3 h6 8.Nf3 g6 9.
O-O Bg7 10.Ne1 O-O 11.Nc2 Rb8 12.Ne3 b5 13.Ned5 b4 14.Nxe7+ Nxe7 15.Nd5 
Nxd5 16.cxd5 Bb7 17.Rb1 Qd7 18.e4 a5 19.Be3 Ba6 20.Re1 Rfc8 21.b3 Bb5 22.
Bf1 Qa7 23.Qd2 Kh7 24.h4 h5 25.f3 Bd7 26.Kh2 Rc7 27.Re2 Qb7 28.Bh3 Bxh3 
29.Kxh3 Qc8+ 30.Kh2 Ra8 31.Rg1 Bf8 32.Kh1 f5 33.Bg5 Be7 34.Bxe7 Rxe7 35.
Qg5 Rf7 36.f4 fxe4 37.dxe4 exf4 38.gxf4 Qh3+ 39.Rh2 Qf3+ 40.Rhg2 Qh3+ 41.
Rh2 Qf3+ 42.Rhg2 Qh3+ 1/2-1/2

[Event "53rd World U20 ch"]
[Site "Pune IND"]
[Date "2014.10.12"]
[Round "7.1"]
[White "Cori Tello, Jorge"]
[Black "Antipov, Mikhail"]
[Result "1-0"]
[WhiteElo "2612"]
[BlackElo "2524"]
[EventDate "2014.10.06"]
[PlyCount "117"]

1.d4 Nf6 2.c4 e6 3.Nc3 Bb4 4.Qc2 O-O 5.Nf3 c5 6.dxc5 Bxc5 7.e3 b6 8.Be2 
Bb7 9.O-O Be7 10.Rd1 d6 11.b3 a6 12.Bb2 Qc7 13.Rac1 Nbd7 14.Qb1 Rac8 15.h3
Rfd8 16.Bf1 Qb8 17.Ne1 Ne5 18.Nd3 Ng6 19.Qa1 Ba8 20.a4 Qb7 21.Ba3 h6 22.
Ne1 Nh7 23.Qa2 Ng5 24.f3 Nh7 25.Bd3 Ne5 26.Be4 Nc6 27.Bb1 Nf6 28.Nd3 d5 
29.cxd5 Nxd5 30.Nxd5 Rxd5 31.Bxe7 Nxe7 32.Rxc8+ Qxc8 33.Rc1 Qd8 34.Qc2 g6 
35.Kf2 Nc6 36.Qc3 Qh4+ 37.Kf1 Qg3 38.Nf2 Rc5 39.Qd2 Qe5 40.Ng4 Rxc1+ 41.
Qxc1 Qc5 42.Nf6+ Kg7 43.Qxc5 bxc5 44.Nd7 Nb4 45.Nxc5 Kf6 46.Ke2 Ke7 47.Nd3
Nd5 48.Kd2 Kd6 49.e4 Ne7 50.b4 e5 51.Kc3 f5 52.Nb2 Ke6 53.a5 Bc6 54.Nd3 
Kd6 55.Nc5 Bb5 56.Bd3 Bxd3 57.Kxd3 Kc6 58.Nxa6 Kb5 59.Nb8 1-0

[Event "53rd World U20 ch"]
[Site "Pune IND"]
[Date "2014.10.12"]
[Round "7.2"]
[White "Sunilduth Lyna, Narayanan"]
[Black "Lu Shanglei"]
[Result "1/2-1/2"]
[WhiteElo "2420"]
[BlackElo "2533"]
[EventDate "2014.10.06"]
[PlyCount "106"]

1.d4 Nf6 2.c4 e6 3.Nf3 d5 4.Nc3 dxc4 5.e4 Bb4 6.Bxc4 Nxe4 7.O-O Nxc3 8.
bxc3 Be7 9.Ne5 O-O 10.Qg4 Nc6 11.Re1 f5 12.Qf3 Nxe5 13.Rxe5 Kh8 14.Bf4 Bd6
15.Re3 Bxf4 16.Qxf4 Qd6 17.Qxd6 cxd6 18.Bxe6 Re8 19.Bd5 Rxe3 20.fxe3 Rb8 
21.c4 b6 22.a4 g6 23.Rb1 Kg7 24.a5 Kf6 25.Rb4 Bd7 26.Kf2 b5 27.a6 Rb6 28.
Bb7 Ke7 29.h4 Kd8 30.Kg3 Kc7 31.Kf4 h6 32.e4 fxe4 33.Bxe4 bxc4 34.Rxc4+ 
Kd8 35.Rc1 Rb4 36.Ke3 Rb3+ 37.Kf4 Rb4 38.Ke3 Bf5 39.Bxf5 gxf5 40.Kf4 Rxd4+
41.Kxf5 Rxh4 42.Rb1 Rh5+ 43.Ke6 Rg5 44.Rb7 Rxg2 45.Rxa7 Kc8 46.Kxd6 Kb8 
47.Rb7+ Ka8 48.Rh7 Ra2 49.Rh8+ Ka7 50.Rh7+ Kb6 51.Rxh6 Rxa6 52.Kd7+ Ka5 
53.Rxa6+ Kxa6 1/2-1/2

[Event "53rd World U20 ch"]
[Site "Pune IND"]
[Date "2014.10.12"]
[Round "7.3"]
[White "Oparin, Grigory"]
[Black "Fedoseev, Vladimir"]
[Result "1/2-1/2"]
[WhiteElo "2552"]
[BlackElo "2661"]
[EventDate "2014.10.06"]
[PlyCount "170"]

1.e4 e5 2.Nf3 Nc6 3.Bb5 a6 4.Ba4 Nf6 5.O-O Be7 6.Re1 b5 7.Bb3 O-O 8.a4 Bb7
9.d3 d6 10.Nbd2 Nb8 11.Nf1 Nbd7 12.Ba2 h6 13.Ng3 Re8 14.c3 Nc5 15.axb5 
axb5 16.b4 Ne6 17.Bd2 Bf8 18.Qc2 Qd7 19.Bb3 c5 20.Rxa8 Rxa8 21.Qb2 Nf4 22.
Bc2 Ng6 23.d4 c4 24.d5 Bc8 25.Ra1 Qb7 26.h3 Ra6 27.Be3 Be7 28.Ra2 Qa8 29.
Bb1 Bd8 30.Rxa6 Qxa6 31.Qa2 Qxa2 32.Bxa2 Ne7 33.Bb1 Nd7 34.Nd2 Nb6 35.Ne2 
f5 36.f3 f4 37.Bf2 Nd7 38.Bc2 Kf7 39.Kf1 Ng6 40.Nb1 Nf6 41.Na3 Bd7 42.Ba7 
Ne7 43.Nb1 g5 44.Ng1 h5 45.Bf2 Ng6 46.Ba7 Ke7 47.Nd2 Be8 48.Nb1 Kd7 49.Bf2
Kc7 50.Nd2 g4 51.hxg4 hxg4 52.Ne2 g3 53.Bg1 Ne7 54.Nb1 Kb7 55.Nd2 Bg6 56.
Bb1 Nh7 57.Nc1 Ng5 58.Ne2 Bh5 59.Bc2 Ng6 60.Nc1 Nh4 61.Bd1 Be8 62.Ne2 Bd7 
63.Nc1 Ka6 64.Ne2 Bc7 65.Nc1 Kb7 66.Ne2 Bd8 67.Nc1 Bf6 68.Ne2 Be7 69.Nc1 
Bd8 70.Ne2 Bh3 71.gxh3 Nxh3 72.Ke1 Bc7 73.Kf1 g2+ 74.Ke1 Bb6 75.Bxb6 Kxb6 
76.Bc2 Kc7 77.Bd1 Kd8 78.Bc2 Ke7 79.Bb1 Kf6 80.Bc2 g1=Q+ 81.Nxg1 Ng2+ 82.
Ke2 Nxg1+ 83.Kf2 Ne3 84.Kxg1 Nxc2 85.Kf2 Ke7 1/2-1/2

[Event "53rd World U20 ch"]
[Site "Pune IND"]
[Date "2014.10.12"]
[Round "7.5"]
[White "Bok, Benjamin"]
[Black "Bajarani, Ulvi"]
[Result "1/2-1/2"]
[WhiteElo "2591"]
[BlackElo "2496"]
[EventDate "2014.10.06"]
[PlyCount "53"]

1.e4 e6 2.d4 d5 3.Nc3 Nf6 4.e5 Nfd7 5.f4 c5 6.Nf3 Nc6 7.Be3 cxd4 8.Nxd4 
Qb6 9.Qd2 Qxb2 10.Rb1 Qa3 11.Bb5 Nxd4 12.Bxd4 a6 13.Bxd7+ Bxd7 14.Rb3 Qe7 
15.Rxb7 Rc8 16.O-O Qa3 17.Rfb1 Bc5 18.Ne2 Be7 19.c3 Bc6 20.Ra7 Qa5 21.Bb6 
Qa4 22.Rxe7+ Kxe7 23.Rb4 Qa3 24.Rb3 Qa4 25.Rb4 Qa3 26.Rb3 Qa4 27.Rb4 
1/2-1/2

[Event "53rd World U20 ch"]
[Site "Pune IND"]
[Date "2014.10.12"]
[Round "7.6"]
[White "Grover, Sahaj"]
[Black "Grigorian, Karen H."]
[Result "0-1"]
[WhiteElo "2491"]
[BlackElo "2591"]
[EventDate "2014.10.06"]
[PlyCount "77"]

1.d4 d6 2.e4 Nf6 3.Nc3 e5 4.dxe5 dxe5 5.Qxd8+ Kxd8 6.Nf3 Bd6 7.Be3 h6 8.
O-O-O Ke7 9.Nd2 Be6 10.Nc4 Nc6 11.f3 a6 12.Nxd6 cxd6 13.Bb6 Rhc8 14.Rd2 
Nb8 15.g4 Nbd7 16.Be3 Rxc3 17.bxc3 Bxa2 18.h4 Ne8 19.c4 Rc8 20.c3 Bxc4 21.
Bxc4 Rxc4 22.Kc2 Nc7 23.Kb3 Rc6 24.Rhd1 Ne6 25.Rb2 b5 26.Rc2 Rc4 27.Rcd2 
Ndc5+ 28.Bxc5 Nxc5+ 29.Kc2 Nb7 30.Rd3 Rc6 31.f4 exf4 32.e5 Ke6 33.exd6 
Nxd6 34.Re1+ Kf6 35.Rd5 g5 36.hxg5+ hxg5 37.Kd3 Nc4 38.Rh1 Ne5+ 39.Kd4 0-1

[Event "53rd World U20 ch"]
[Site "Pune IND"]
[Date "2014.10.12"]
[Round "7.7"]
[White "Kovalev, Vladislav"]
[Black "Bai Jinshi"]
[Result "1/2-1/2"]
[WhiteElo "2548"]
[BlackElo "2406"]
[EventDate "2014.10.06"]
[PlyCount "65"]

1.e4 c5 2.Nf3 e6 3.d4 cxd4 4.Nxd4 Nc6 5.Nc3 Qc7 6.Be3 a6 7.Qd2 Nf6 8.O-O-O
Be7 9.f3 b5 10.g4 Nxd4 11.Qxd4 Bb7 12.g5 Nh5 13.Rg1 Rc8 14.Qb6 Qxb6 15.
Bxb6 Bc5 16.Bxc5 Rxc5 17.Rg4 Ke7 18.Bd3 h6 19.h4 e5 20.Ne2 d6 21.Kd2 Bc8 
22.Rgg1 hxg5 23.hxg5 Nf4 24.b4 Nxe2 25.Bxe2 Rc6 26.Rh1 Rd8 27.Bd3 Be6 28.
a4 bxa4 29.Ra1 Bc4 30.Rxa4 Bxd3 31.cxd3 Rdc8 32.Ke3 Rb6 33.Rha1 1/2-1/2

[Event "53rd World U20 ch"]
[Site "Pune IND"]
[Date "2014.10.12"]
[Round "7.8"]
[White "Anurag, Mhamal"]
[Black "Van Kampen, Robin"]
[Result "1-0"]
[WhiteElo "2442"]
[BlackElo "2641"]
[EventDate "2014.10.06"]
[PlyCount "94"]

1.e4 c5 2.Nf3 d6 3.d4 cxd4 4.Qxd4 a6 5.Bg5 Nc6 6.Qd2 h6 7.Bh4 g5 8.Bg3 Bg7
9.Nc3 Be6 10.Be2 Nf6 11.Rd1 Qa5 12.O-O Rc8 13.a3 O-O 14.h3 Rfd8 15.Qe3 Qc5
16.Qxc5 dxc5 17.Rxd8+ Rxd8 18.Rd1 Rxd1+ 19.Bxd1 Nd7 20.h4 gxh4 21.Nxh4 Nb6
22.Bf4 Nc4 23.Bc1 Nxa3 24.Na4 Nc4 25.b3 Nd6 26.Nxc5 Bc8 27.Nf3 Nb5 28.Na4 
Bg4 29.Bf4 h5 30.Kf1 Nb4 31.Bd2 Na2 32.c4 Nbc3 33.Nxc3 Nxc3 34.Bc2 Kf8 35.
e5 Bxf3 36.Bxc3 Bc6 37.Kg1 Bh6 38.Bd1 h4 39.Kh2 e6 40.Kh3 Bf4 41.Kg4 Bh2 
42.Bf3 Bxf3+ 43.Kxf3 Kg7 44.Bd4 Bg1 45.Kg4 Kg6 46.b4 Bh2 47.g3 b6 1-0

[Event "53rd World U20 ch"]
[Site "Pune IND"]
[Date "2014.10.12"]
[Round "7.9"]
[White "Kriebel, Tadeas"]
[Black "Duda, Jan-Krzysztof"]
[Result "1-0"]
[WhiteElo "2428"]
[BlackElo "2599"]
[EventDate "2014.10.06"]
[PlyCount "91"]

1.e4 c5 2.Nf3 d6 3.d4 cxd4 4.Nxd4 Nf6 5.Nc3 a6 6.Be2 g6 7.g4 b5 8.g5 Nfd7 
9.f4 Bb7 10.Bf3 e5 11.Nb3 h6 12.h4 Be7 13.Qe2 exf4 14.e5 Bxf3 15.Qxf3 Ra7 
16.Bxf4 hxg5 17.hxg5 Rxh1+ 18.Qxh1 Bxg5 19.Qh8+ Nf8 20.Ne4 Bxf4 21.Nxd6+ 
Kd7 22.Rd1 Kc6 23.Qh1+ Kc7 24.Nxb5+ axb5 25.Rxd8 Kxd8 26.Qg1 Nc6 27.Qc5 
Nd7 28.Qxc6 Bxe5 29.Qxb5 Bxb2 30.a4 Rc7 31.c4 Ne5 32.c5 Nc6 33.Kf1 Be5 34.
a5 Ke7 35.a6 Na7 36.Qb6 Nc8 37.Qb4 Ke6 38.Na5 Na7 39.Qb3+ Kf6 40.Qd5 Bf4 
41.Nc4 Re7 42.Nb6 Be3 43.Nd7+ Kg7 44.Qb7 Rxd7 45.Qxd7 Bxc5 46.Qd5 1-0

[Event "53rd World U20 ch"]
[Site "Pune IND"]
[Date "2014.10.12"]
[Round "7.16"]
[White "Das, Sayantan"]
[Black "Navalgund, Niranjan"]
[Result "1/2-1/2"]
[WhiteElo "2456"]
[BlackElo "2267"]
[EventDate "2014.10.06"]
[PlyCount "153"]

1.e4 e5 2.Nf3 Nc6 3.Bb5 a6 4.Ba4 Nf6 5.O-O Be7 6.Re1 b5 7.Bb3 d6 8.c3 O-O 
9.h3 Nb8 10.d4 Nbd7 11.Nbd2 Bb7 12.Bc2 Re8 13.Nf1 Bf8 14.Ng3 g6 15.a4 Bg7 
16.Bg5 h6 17.Bd2 Nb6 18.b3 bxa4 19.bxa4 Nc4 20.Bb3 Nxd2 21.Nxd2 d5 22.dxe5
Nxe4 23.Ndxe4 dxe4 24.e6 fxe6 25.Qg4 Qg5 26.Qxg5 hxg5 27.Nxe4 Bd5 28.Bd1 
Rab8 29.Rc1 Rb2 30.Nxg5 Bh6 31.h4 Rf8 32.Bc2 Ra2 33.g3 Kg7 34.Re3 c6 35.
Ree1 a5 36.Re3 Rb8 37.Be4 Bxg5 38.hxg5 Rbb2 39.Bxd5 cxd5 40.Rf1 Re2 41.Rf3
Re5 42.Rb1 Rxg5 43.Rb7+ Kh6 44.Rf4 Rf5 45.Rh4+ Rh5 46.Rxh5+ Kxh5 47.Rb6 
Rxa4 48.Rxe6 Re4 49.Ra6 Rc4 50.Rxa5 Rxc3 51.Rxd5+ Kh6 52.Kg2 Ra3 53.f4 Rb3
54.Rd6 Kg7 55.Kh3 Rb1 56.Rd7+ Kf6 57.Ra7 Rc1 58.g4 Rh1+ 59.Kg2 Rb1 60.Ra6+
Kg7 61.Kg3 Rb5 62.Ra7+ Kg8 63.Rd7 Ra5 64.Kf3 Ra4 65.Ke3 g5 66.Rd4 Rxd4 67.
Kxd4 gxf4 68.Ke4 Kg7 69.Kxf4 Kf6 70.g5+ Kg6 71.Kg4 Kg7 72.Kf5 Kf7 73.g6+ 
Kg7 74.Kg5 Kg8 75.Kf6 Kf8 76.g7+ Kg8 77.Kg6 1/2-1/2

[Event "53rd World U20 ch"]
[Site "Pune IND"]
[Date "2014.10.12"]
[Round "7.17"]
[White "Narayanan, Srinath"]
[Black "Rajdeep, Sarkar"]
[Result "1/2-1/2"]
[WhiteElo "2443"]
[BlackElo "2145"]
[EventDate "2014.10.06"]
[PlyCount "76"]

1.e4 e5 2.Nf3 Nc6 3.Bb5 g6 4.d4 exd4 5.c3 dxc3 6.Nxc3 h6 7.Bc4 d6 8.Qb3 
Qd7 9.Nd5 Bg7 10.Bd2 Nge7 11.Bc3 O-O 12.O-O Nxd5 13.Bxd5 Bxc3 14.Qxc3 Ne7 
15.Bb3 Kh7 16.Rfd1 f5 17.Rac1 c6 18.Ne5 Qc7 19.Nf7 fxe4 20.Nxd6 Bf5 21.Qg3
Bd7 22.Rc5 b6 23.Re5 Bf5 24.Nxf5 gxf5 25.Re6 Qxg3 26.hxg3 Nd5 27.Rxc6 Nf6 
28.Rcd6 Kg6 29.Bc4 Rac8 30.b3 Rc5 31.a4 Rfc8 32.Kf1 R8c6 33.R6d4 Ng4 34.
Bb5 Re6 35.Rc4 e3 36.Rxc5 bxc5 37.Rd7 Nxf2 38.Rxa7 Ne4 1/2-1/2

[Event "53rd World U20 ch"]
[Site "Pune IND"]
[Date "2014.10.12"]
[Round "7.20"]
[White "Puranik, Abhimanyu"]
[Black "Idani, Pouya"]
[Result "1-0"]
[WhiteElo "2269"]
[BlackElo "2517"]
[EventDate "2014.10.06"]
[PlyCount "87"]

1.e4 g6 2.d4 Bg7 3.Nc3 d6 4.f4 Nf6 5.Nf3 O-O 6.Be2 Na6 7.O-O c5 8.d5 Nc7 
9.a4 a6 10.Nd2 Rb8 11.a5 e6 12.Nc4 exd5 13.exd5 Re8 14.Bf3 Nb5 15.Ne2 Bg4 
16.Bxg4 Nxg4 17.h3 Nh6 18.g4 f5 19.g5 Nf7 20.Ng3 Qd7 21.c3 h5 22.h4 Nc7 
23.Nb6 Qd8 24.Qd3 Na8 25.Nc4 Qc7 26.b3 Re7 27.Bd2 Rbe8 28.Kf2 Qd7 29.Rfe1 
Qb5 30.Rxe7 Rxe7 31.Rb1 b6 32.b4 cxb4 33.Rxb4 Qc5+ 34.Be3 Rxe3 35.Nxe3 b5 
36.Rb3 Nc7 37.Kf3 Nd8 38.Ngxf5 gxf5 39.Qxf5 Nf7 40.g6 Nh6 41.Qc8+ Bf8 42.
Qd7 Bg7 43.c4 Kh8 44.Nf5 1-0

[Event "53rd World U20 ch"]
[Site "Pune IND"]
[Date "2014.10.12"]
[Round "7.21"]
[White "Karthikeyan, Murali"]
[Black "Visakh, N. R."]
[Result "1-0"]
[WhiteElo "2495"]
[BlackElo "2300"]
[EventDate "2014.10.06"]
[PlyCount "61"]

1.e4 c5 2.Nf3 d6 3.d4 cxd4 4.Nxd4 Nf6 5.Nc3 a6 6.a4 e5 7.Nf3 Qc7 8.Bg5 
Nbd7 9.Nd2 h6 10.Bh4 Be7 11.Nc4 g5 12.Bg3 Nc5 13.Nd5 Nxd5 14.exd5 Ne4 15.
Bd3 Qc5 16.Ne3 Nxg3 17.hxg3 Qb4+ 18.c3 Qxb2 19.O-O Qxc3 20.Bf5 Bxf5 21.
Nxf5 Qc8 22.Qd3 Qd7 23.Rab1 Bd8 24.Rxb7 Bc7 25.Rc1 Rc8 26.Rcxc7 Qxc7 27.
Rxc7 Rxc7 28.Qxa6 Rc1+ 29.Kh2 O-O 30.Qxd6 f6 31.Qe7 1-0

[Event "53rd World U20 ch"]
[Site "Pune IND"]
[Date "2014.10.12"]
[Round "7.22"]
[White "Ritviz, Parab"]
[Black "Kantans, Toms"]
[Result "1/2-1/2"]
[WhiteElo "2205"]
[BlackElo "2485"]
[EventDate "2014.10.06"]
[PlyCount "90"]

1.e4 c5 2.Nf3 Nc6 3.Bb5 g6 4.Nc3 Bg7 5.O-O d6 6.d3 Bd7 7.Re1 e5 8.Bc4 h6 
9.a3 Nge7 10.b4 O-O 11.Rb1 b6 12.Nd5 Be6 13.Ne3 Bxc4 14.Nxc4 b5 15.Ne3 
cxb4 16.axb4 d5 17.c4 dxc4 18.dxc4 bxc4 19.Nxc4 Qc7 20.Be3 Rfd8 21.Qc1 Nd4
22.Nxd4 exd4 23.Bf4 Qc8 24.Na5 g5 25.Bd2 Qd7 26.Qa3 Qb5 27.Rbc1 Rdc8 28.
Nb3 a6 29.Nc5 Nc6 30.f4 gxf4 31.Nd3 Ne5 32.Nxe5 Bxe5 33.Qf3 Bg7 34.Qxf4 
Rxc1 35.Rxc1 Re8 36.Qg4 Qb6 37.Rc8 Rf8 38.Rxf8+ Kxf8 39.Qc8+ Ke7 40.Qc4 
d3+ 41.Kf1 Qf6+ 42.Ke1 Qh4+ 43.g3 Qxh2 44.Qc7+ Ke8 45.Qc8+ Ke7 1/2-1/2

[Event "53rd World U20 ch"]
[Site "Pune IND"]
[Date "2014.10.12"]
[Round "7.23"]
[White "Kumaran, Balaji"]
[Black "Prasanna, Raghuram Rao"]
[Result "0-1"]
[WhiteElo "2239"]
[BlackElo "2447"]
[EventDate "2014.10.06"]
[PlyCount "94"]

1.e4 c5 2.b3 b6 3.Bb2 Bb7 4.Nc3 Nc6 5.f4 e6 6.Nf3 a6 7.g3 d6 8.Bg2 Nf6 9.
d3 Be7 10.Qd2 d5 11.e5 Nd7 12.Ne2 f5 13.exf6 Bxf6 14.Bxf6 Qxf6 15.O-O 
O-O-O 16.d4 Qe7 17.c3 Nf6 18.Qd3 Ne4 19.Nd2 Nxd2 20.Qxd2 h5 21.Bh3 Kb8 22.
Rae1 Rde8 23.dxc5 h4 24.Bg4 hxg3 25.hxg3 bxc5 26.Nc1 Qf6 27.Nd3 Qg6 28.Qe2
Rh6 29.Kg2 Reh8 30.Rh1 d4 31.Bf3 Rxh1 32.Rxh1 Rxh1 33.Kxh1 dxc3 34.Kh2 c2 
35.Nc1 Qf6 36.Qg2 e5 37.Qd2 Nd4 38.Bxb7 Kxb7 39.Qg2+ Qc6 40.fxe5 Nf3+ 41.
Kh3 Nxe5 42.Qxc6+ Kxc6 43.Kg2 Kd5 44.Kf2 Kd4 45.Ke2 Kc3 46.Ke3 Kb2 47.Ne2 
Nc6 0-1

[Event "53rd World U20 ch"]
[Site "Pune IND"]
[Date "2014.10.12"]
[Round "7.24"]
[White "Ben Artzi, Ido"]
[Black "Viani D`Cunha, Antonio"]
[Result "1-0"]
[WhiteElo "2423"]
[BlackElo "2257"]
[EventDate "2014.10.06"]
[PlyCount "63"]

1.d4 f5 2.g3 Nf6 3.Bg2 g6 4.Nf3 Bg7 5.O-O O-O 6.c4 d6 7.Nc3 c6 8.Rb1 Qc7 
9.d5 Na6 10.Nd4 e5 11.dxe6 Nc5 12.Bf4 Rd8 13.e7 Qxe7 14.Bxc6 bxc6 15.Nxc6 
Qe8 16.Nxd8 Qxd8 17.Qxd6 Qxd6 18.Bxd6 Nfe4 19.Bxc5 Nxc5 20.Nd5 Bb7 21.Rfd1
Re8 22.Kf1 a5 23.b3 Bc6 24.f3 Ne6 25.Rd2 a4 26.b4 a3 27.Rb3 Bh6 28.Rdd3 
Kh8 29.Rxa3 Rb8 30.Ra6 Bxd5 31.cxd5 Nc7 32.Rc6 1-0

[Event "53rd World U20 ch"]
[Site "Pune IND"]
[Date "2014.10.12"]
[Round "7.25"]
[White "Gahan, M. G."]
[Black "Westerberg, Jonathan"]
[Result "1/2-1/2"]
[WhiteElo "2252"]
[BlackElo "2420"]
[EventDate "2014.10.06"]
[PlyCount "188"]

1.e4 c5 2.c3 Nf6 3.e5 Nd5 4.d4 cxd4 5.Nf3 Nc6 6.Bc4 Nb6 7.Bb3 d5 8.exd6 
Qxd6 9.O-O Be6 10.Na3 dxc3 11.Nb5 Qxd1 12.Rxd1 Rc8 13.Bxe6 fxe6 14.bxc3 
Nc4 15.Re1 e5 16.Na3 Nxa3 17.Bxa3 e6 18.Bxf8 Rxf8 19.Nxe5 Nxe5 20.Rxe5 Rc6
21.Rae1 Kf7 22.f4 g6 23.g3 Rd8 24.a4 Rd3 25.a5 Rdxc3 26.Rb5 b6 27.axb6 
axb6 28.Reb1 Rc1+ 29.Rxc1 Rxc1+ 30.Kf2 Rc2+ 31.Kf3 Rxh2 32.Rxb6 h5 33.Rb5 
Kf6 34.Rb8 Ra2 35.Rf8+ Kg7 36.Re8 Kf7 37.Rh8 Ra3+ 38.Kf2 Rd3 39.Rb8 g5 40.
Rh8 h4 41.fxg5 hxg3+ 42.Kg2 Re3 43.Rh6 Re5 44.Kxg3 Rxg5+ 45.Kf4 Ra5 46.Ke4
Ke7 47.Rh8 Ra1 48.Ke3 Kd6 49.Rh5 Ra3+ 50.Ke4 Ra4+ 51.Ke3 Ra3+ 52.Ke4 Ra1 
53.Ke3 Re1+ 54.Kd3 Rg1 55.Ke4 Rg4+ 56.Ke3 Rg8 57.Ke4 Rg1 58.Ke3 Ra1 59.Ke4
Rd1 60.Ke3 Rd5 61.Rh8 Ra5 62.Rg8 Rh5 63.Ke4 Rh4+ 64.Ke3 Kd5 65.Rg5+ e5 66.
Rg8 Rh3+ 67.Ke2 Kd4 68.Ra8 Rh2+ 69.Ke1 Ke4 70.Ra3 Kf4 71.Ra4+ e4 72.Ra3 
Rh1+ 73.Ke2 Rb1 74.Kf2 Rb8 75.Ke2 Rh8 76.Ke1 Rh5 77.Ke2 Rh2+ 78.Ke1 Rg2 
79.Kf1 Rc2 80.Ke1 Rc1+ 81.Kf2 Rc8 82.Ke2 Rb8 83.Ke1 Rb4 84.Ke2 Rb5 85.Ke1 
Rg5 86.Ke2 Rg6 87.Ke1 Rg3 88.Rxg3 Kxg3 89.Ke2 Kf4 90.Kf2 e3+ 91.Ke2 Ke4 
92.Ke1 Kd3 93.Kd1 e2+ 94.Ke1 Ke3 1/2-1/2

[Event "53rd World U20 ch"]
[Site "Pune IND"]
[Date "2014.10.12"]
[Round "7.26"]
[White "Rakesh, Kumar Jena"]
[Black "Gagare, Shardul"]
[Result "0-1"]
[WhiteElo "2164"]
[BlackElo "2419"]
[EventDate "2014.10.06"]
[PlyCount "98"]

1.e4 c6 2.c4 d5 3.cxd5 cxd5 4.exd5 Nf6 5.Qa4+ Nbd7 6.Nc3 g6 7.Nf3 Bg7 8.
Bc4 a6 9.O-O O-O 10.Qa3 Rb8 11.d6 e6 12.Be2 b5 13.Qb4 Nb6 14.Qh4 Nbd5 15.
d4 Bb7 16.Nxd5 Nxd5 17.Qg3 Qb6 18.Bg5 h6 19.Be7 Nxe7 20.dxe7 Rfe8 21.Rac1 
Bd5 22.Rc7 Rb7 23.Rfc1 Rxc7 24.Qxc7 Qxc7 25.Rxc7 Bf6 26.a3 Rxe7 27.Rc8+ 
Kg7 28.Ne5 Bb7 29.Rc2 Be4 30.Rc3 Bxe5 31.dxe5 Rd7 32.f3 Rd2 33.Bxb5 axb5 
34.fxe4 Rxb2 35.h3 b4 36.axb4 Rxb4 37.Kf2 Rxe4 38.Rc5 g5 39.Kf3 Rf4+ 40.
Ke3 h5 41.Rc7 Kg6 42.g3 Rf1 43.Rc5 Rf5 44.Ke4 f6 45.Rc6 Rxe5+ 46.Kf3 f5 
47.Rc8 g4+ 48.hxg4 hxg4+ 49.Kf2 Ra5 0-1

[Event "53rd World U20 ch"]
[Site "Pune IND"]
[Date "2014.10.12"]
[Round "7.27"]
[White "Repka, Christopher"]
[Black "Chakravarthi Reddy, M."]
[Result "1/2-1/2"]
[WhiteElo "2418"]
[BlackElo "2217"]
[EventDate "2014.10.06"]
[PlyCount "83"]

1.Nf3 f5 2.d4 Nf6 3.g3 g6 4.Bg2 Bg7 5.O-O O-O 6.c4 d6 7.Nc3 c6 8.Qc2 Qe8 
9.b3 h6 10.Ba3 a5 11.e4 Nxe4 12.Nxe4 fxe4 13.Qxe4 Bf5 14.Qe3 Na6 15.Rae1 
Nb4 16.Qxe7 Bd3 17.Qxd6 Qd8 18.Bxb4 axb4 19.Qxb4 Bxf1 20.Rxf1 Rxa2 21.Qxb7
Qf6 22.d5 cxd5 23.Qxd5+ Kh8 24.c5 g5 25.h3 Rc2 26.b4 Rb2 27.c6 Rxb4 28.c7 
Qc3 29.Nxg5 hxg5 30.Qxg5 Qe5 31.Qc1 Rc8 32.Re1 Rxc7 33.Qd1 Rd7 34.Qc1 Qf5 
35.Qc8+ Bf8 36.g4 Qf7 37.Re5 Rb1+ 38.Bf1 Rdd1 39.Rh5+ Kg8 40.Rg5+ Kh7 41.
Rh5+ Bh6 42.Qc2+ 1/2-1/2

[Event "53rd World U20 ch"]
[Site "Pune IND"]
[Date "2014.10.12"]
[Round "7.28"]
[White "Sai Vishwesh, Chandrakaladaran"]
[Black "Ider, Borya"]
[Result "0-1"]
[WhiteElo "2151"]
[BlackElo "2394"]
[EventDate "2014.10.06"]
[PlyCount "208"]

1.e4 e6 2.d4 d5 3.Nc3 Bb4 4.e5 c5 5.a3 Bxc3+ 6.bxc3 Qa5 7.Bd2 Qa4 8.Rb1 c4
9.h4 Ne7 10.h5 h6 11.Rb4 Qxa3 12.Rb1 Qa5 13.Qg4 Rg8 14.Qf3 Nbc6 15.g4 Bd7 
16.Rxb7 Qa1+ 17.Qd1 Qxd1+ 18.Kxd1 a5 19.Bc1 a4 20.Rb2 Na7 21.Ne2 Nb5 22.
Ra2 a3 23.Bh3 Kd8 24.Bf4 Kc7 25.Kd2 Kc6 26.Rha1 Rh8 27.Ke1 g6 28.f3 Ra7 
29.Bc1 Rg8 30.Kf2 gxh5 31.gxh5 Rf8 32.Bd2 f5 33.Rg1 Rg8 34.Rh1 Be8 35.Bf1 
Rh8 36.Nf4 Bf7 37.Be2 Nc8 38.Bf1 Nb6 39.Ne2 Rg8 40.Bxh6 Rh8 41.Bd2 Rxh5 
42.Rg1 Rh2+ 43.Kg3 Rh7 44.Kf4 Ra8 45.Ke3 Rg8 46.Rxg8 Bxg8 47.Bc1 Rh1 48.
Kf2 Rh7 49.Ke3 Ra7 50.Kf4 Na4 51.Kg5 Nb6 52.Kf4 Rg7 53.Ra1 Ra7 54.Kg5 Bh7 
55.Kf6 Bg8 56.Nf4 Rf7+ 57.Kg6 Ra7 58.Kf6 a2 59.Ne2 Nd7+ 60.Kg5 Bh7 61.Kf4 
Nf8 62.Bd2 Ng6+ 63.Kg5 Nf8 64.Nc1 Rg7+ 65.Kf4 Na3 66.Rxa2 Nb1 67.Be3 Nxc3 
68.Ra8 Rf7 69.Na2 Ne4 70.Bc1 Ng6+ 71.Ke3 f4+ 72.Ke2 Ng3+ 73.Kf2 Kb7 74.Re8
Nxf1 75.Kxf1 Nh4 76.Kf2 Rg7 77.Nb4 Rg2+ 78.Kf1 Rg7 79.Bxf4 Nxf3 80.Be3 Bf5
81.Rf8 Be4 82.Rf6 Nh2+ 83.Ke2 Ng4 84.Rxe6 Rh7 85.Bf4 Rf7 86.Bg3 Rf3 87.Bh4
Rh3 88.Bg5 Rh2+ 89.Kd1 c3 90.Re7+ Kb6 91.Rf7 Kb5 92.Nd3 Bxd3 93.cxd3 Nf2+ 
94.Kc2 Ne4+ 95.Kb3 Rb2+ 96.Ka3 Nxg5 97.Rc7 Rb1 98.Rc5+ Kb6 99.Ka2 Rb5 100.
Rxc3 Ne6 101.Rc1 Nxd4 102.Re1 Ne6 103.Rf1 Kc5 104.Rf6 Rb6 0-1

[Event "53rd World U20 ch"]
[Site "Pune IND"]
[Date "2014.10.12"]
[Round "7.29"]
[White "Shailesh, Dravid"]
[Black "Cabarkapa, Novak"]
[Result "0-1"]
[WhiteElo "2074"]
[BlackElo "2379"]
[EventDate "2014.10.06"]
[PlyCount "88"]

1.d4 Nf6 2.c4 g6 3.Nc3 Bg7 4.e4 d6 5.Nf3 O-O 6.Be2 e5 7.dxe5 dxe5 8.Qxd8 
Rxd8 9.Bg5 c6 10.Nxe5 Re8 11.O-O-O Na6 12.Rd6 Be6 13.f4 h6 14.Bxf6 Bxf6 
15.Rhd1 Rad8 16.Rxd8 Bxd8 17.Nf3 Bb6 18.Nd4 Bc8 19.Bf3 Nc7 20.g3 g5 21.e5 
gxf4 22.gxf4 Ne6 23.Nf5 Nxf4 24.Nd6 Rd8 25.Nce4 Be3+ 26.Kc2 Be6 27.Re1 Bd4
28.Nxb7 Rb8 29.Ned6 Ng6 30.Bxc6 Bxe5 31.Bd5 Bxd5 32.cxd5 Bxh2 33.Re8+ Rxe8
34.Nxe8 Kf8 35.Nf6 Be5 36.Ne4 f5 37.Nec5 Ke7 38.Nd3 h5 39.Kd2 h4 40.Ke2 h3
41.Kf2 f4 42.Kf3 Bd4 43.Ndc5 Bxc5 44.Nxc5 Nh4+ 0-1

[Event "53rd World U20 ch"]
[Site "Pune IND"]
[Date "2014.10.12"]
[Round "7.30"]
[White "Prince, Bajaj"]
[Black "Vokhidov, Shamsiddin"]
[Result "1-0"]
[WhiteElo "2369"]
[BlackElo "2119"]
[EventDate "2014.10.06"]
[PlyCount "63"]

1.e4 c5 2.b3 Nc6 3.Bb2 Nf6 4.e5 Nd5 5.Nf3 d6 6.Bb5 Nc7 7.Bxc6+ bxc6 8.exd6
exd6 9.O-O f6 10.d4 d5 11.Nc3 Be7 12.dxc5 Bxc5 13.Re1+ Kf7 14.Nd4 Bd7 15.
Qh5+ g6 16.Qh4 h5 17.Rad1 Bd6 18.f4 c5 19.Nf3 Bc6 20.Ne4 d4 21.c3 Bxe4 22.
Rxe4 Rb8 23.Qf2 Nb5 24.cxd4 cxd4 25.Ne5+ fxe5 26.fxe5+ Kg7 27.exd6 Rf8 28.
Qe2 Qxd6 29.a4 Nc7 30.Rexd4 Qb6 31.a5 Qxb3 32.Rb4+ 1-0